000 00557nmm a2200169Ia 4500
008 251105s9999||||xx |||||||||||||||||und||
020 _a9788437077352
041 _aspa
100 _aSegarra Valls, Julio José
245 0 _aLéxico psico(pato)lógico :
_b En la obra de Carlos Castilla del Pino
264 _a[Madrid, España] :
_bPublicaciones de la Universidad de Valencia (PUV),
_c2010
300 _a372 páginas
490 _aFora de Col·lecció
650 _aPsychology
856 _uhttps://public.digitaliapublishing.com/a/35343
942 _cCF
999 _c82509
_d82509